Klasyfikacja medalowa Mistrzostw Europy - Statystyki

Ogólne statystyki
  • Ten quiz został rozwiązany 696 razy
  • Średni wynik to 14 z 17
Statystyki odpowiedzi
Miejsce Państwo Złoto Srebro Brąz % Poprawnych
2 Hiszpania 3 1 1
98%
1 RFN / Niemcy 3 3 3
98%
4 Francja 2 1 1
97%
6 Portugalia 1 1 3
96%
3 Włochy 2 2 1
96%
12 Anglia 0 1 2
89%
5 ZSRR / Rosja 1 3 2
89%
8 Holandia 1 0 4
88%
10 Grecja 1 0 0
83%
6 Czechosłowacja / Czechy 1 1 3
82%
13 Belgia 0 1 1
80%
9 Dania 1 0 2
79%
14 Szwecja 0 0 1
78%
14 Węgry 0 0 1
65%
14 Turcja 0 0 1
64%
11 Jugosławia 0 2 0
60%
14 Walia 0 0 1
53%
Nie znaleziono quizów pasujących do podanych kryteriów
Rozkład punktacji
Procent ludzi z każdym wynikiem
Percentyl według liczby udzielonych odpowiedzi
Twoja historia wyników
Nie rozwiązałeś tego quizu